Detalles MARC
| 000 -LEADER |
| campo de control de longitud fija |
01523cam a22005054i 4500 |
| 003 - IDENTIFICADOR DE NÚMERO DE CONTROL |
| campo de control |
PE-LiUPU |
| 005 - FECHA Y HORA DE LA ÚLTIMA TRANSACCIÓN |
| campo de control |
20250731172823.0 |
| 008 - DATOS DE LONGITUD FIJA--INFORMACIÓN GENERAL |
| campo de control de longitud fija |
150617s ag r 000 0 spa d |
| 035 ## - NÚMERO DE CONTROL DEL SISTEMA |
| Número de control de sistema |
(Sirsi) a14977 |
| 040 ## - FUENTE DE CATALOGACIÓN |
| Centro catalogador/agencia de origen |
PE-LiUPU |
| Lengua de catalogación |
spa |
| Centro/agencia transcriptor |
PE-LiUPU |
| Normas de descripción |
rda |
| 049 ## - FONDOS LOCALES (OCLC) |
| Biblioteca depositaria |
PRUA |
| 082 04 - NÚMERO DE LA CLASIFICACIÓN DECIMAL DEWEY |
| Número de clasificación |
266.0092 |
| Cutter |
K142 |
| Número de edición |
23 |
| 100 1# - ENTRADA PRINCIPAL--NOMBRE DE PERSONA |
| Nombre de persona |
Kalbermater, Pedro, |
| Fechas asociadas al nombre |
1886-1968, |
| Término indicativo de función/relación |
autor. |
| 9 (RLIN) |
5533 |
| 245 10 - MENCIÓN DEL TÍTULO |
| Título |
20 años como misionero entre los indios del Perú : |
| Resto del título |
(Apuntes autobiográficos) / |
| Mención de responsabilidad, etc. |
Pedro Kalbermater. |
| 264 #1 - PRODUCCIÓN, PUBLICACIÓN, DISTRIBUCIÓN, FABRICACIÓN Y COPYRIGHT |
| Producción, publicación, distribución, fabricación y copyright |
Buenos Aires : |
| Nombre del de productor, editor, distribuidor, fabricante |
Editorial Nueva Impresora, |
| Fecha de producción, publicación, distribución, fabricación o copyright |
1950. |
| 300 ## - DESCRIPCIÓN FÍSICA |
| Extensión |
257 páginas ; |
| Dimensiones |
18 cm |
| 336 ## - TIPO DE CONTENIDO |
| Término de tipo de contenido |
text |
| Fuente |
rdacontent |
| 337 ## - TIPO DE MEDIO |
| Nombre/término del tipo de medio |
unmediated |
| Fuente |
rdamedia |
| 338 ## - TIPO DE SOPORTE |
| Nombre/término del tipo de soporte |
volume |
| Fuente |
rdacarrier |
| 505 0# - NOTA DE CONTENIDO CON FORMATO |
| Nota de contenido con formato |
Veinte años como misionero entre los indios del Perú (Apuntes autobiográficos), Pedro Kalbermatter. |
| 526 ## - NOTA DE INFORMACIÓN SOBRE EL PROGRAMA DE ESTUDIO |
| Nombre del programa |
Segunda Especialidad En Profecías Bíblicas |
| 526 ## - NOTA DE INFORMACIÓN SOBRE EL PROGRAMA DE ESTUDIO |
| Nombre del programa |
Segunda Especialidad En Nuevo Testamento |
| 526 ## - NOTA DE INFORMACIÓN SOBRE EL PROGRAMA DE ESTUDIO |
| Nombre del programa |
Segunda Especialidad En Antiguo Testamento |
| 526 ## - NOTA DE INFORMACIÓN SOBRE EL PROGRAMA DE ESTUDIO |
| Nombre del programa |
Segunda Especialidad En Estudios Adventistas |
| 526 ## - NOTA DE INFORMACIÓN SOBRE EL PROGRAMA DE ESTUDIO |
| Nombre del programa |
Doctorado en teología |
| 526 ## - NOTA DE INFORMACIÓN SOBRE EL PROGRAMA DE ESTUDIO |
| Nombre del programa |
Maestría en teología histórica |
| 526 ## - NOTA DE INFORMACIÓN SOBRE EL PROGRAMA DE ESTUDIO |
| Nombre del programa |
Maestría en teología bíblica |
| 526 ## - NOTA DE INFORMACIÓN SOBRE EL PROGRAMA DE ESTUDIO |
| Nombre del programa |
Maestría en teología |
| 526 ## - NOTA DE INFORMACIÓN SOBRE EL PROGRAMA DE ESTUDIO |
| Nombre del programa |
Maestría en misionología |
| 526 ## - NOTA DE INFORMACIÓN SOBRE EL PROGRAMA DE ESTUDIO |
| Nombre del programa |
Maestría en liderazgo eclesiástico |
| 526 ## - NOTA DE INFORMACIÓN SOBRE EL PROGRAMA DE ESTUDIO |
| Nombre del programa |
Teología |
| 600 #0 - PUNTO DE ACCESO ADICIONAL DE MATERIA--NOMBRE DE PERSONA |
| Nombre de persona |
Kalbermater, Pedro, |
| Fechas asociadas al nombre |
1886-1968. |
| 9 (RLIN) |
5533 |
| 650 24 - PUNTO DE ACCESO ADICIONAL DE MATERIA--TÉRMINO DE MATERIA |
| Término de materia o nombre geográfico como elemento de entrada |
Misioneros |
| Subdivisión geográfica |
Perú |
| Subdivisión de forma |
Biografía. |
| 9 (RLIN) |
5534 |
| 650 24 - PUNTO DE ACCESO ADICIONAL DE MATERIA--TÉRMINO DE MATERIA |
| Término de materia o nombre geográfico como elemento de entrada |
Indígenas del Perú |
| Subdivisión general |
Condiciones sociales |
| Subdivisión cronológica |
Siglo XX. |
| 9 (RLIN) |
5535 |
| 650 24 - PUNTO DE ACCESO ADICIONAL DE MATERIA--TÉRMINO DE MATERIA |
| Término de materia o nombre geográfico como elemento de entrada |
Relatos misioneros. |
| 9 (RLIN) |
5536 |
| 942 ## - ELEMENTOS DE ENTRADA SECUNDARIOS (KOHA) |
| Fuente del sistema de clasificación o colocación |
Clasificación Decimal Dewey |
| Tipo de ítem Koha |
Libros físicos |
| 980 ## - EQUIVALENCIA O REFERENCIA-CRUZADA-MENCIÓN DE SERIE--NOMBRE DE PERSONA/TÍTULO [LOCAL, CANADÁ] |
| ID del último usuario que modificó el registro |
1 |
| Nombre del último usuario que modificó el registro |
ALBERTO SANCHEZ Responsable de Automatización |